000
00339nam a2200157Ia 4500
100
_a
Turban/Erfrain
650
_a
Information technology
250
_a
6
942
_c
BK
245
_a
Information technology for management
260
_b
Wiley India
_c
2008
082
_a
5.74
_b
TUR
300
_a
700
546
_a
ENGLISH
999
_c
18974
_d
18974